Estadísticas para Respuestas más adividadas en JetPunk #1

Haz click aquí para intentar la prueba.

Estadísticas generales

  • Esta prueba ha sido intentada 1.305 veces
  • La puntuación promedio es 14 de 20

Estadísticas de respuestas

Prueba%Respuesta% Correcto
Piezas de ajedrez100Dama
95%
Dioses Olímpicos98Zeus
92%
Los 8 planetas97Tierra
90%
Nombra los Pokémon95Pikachu
89%
Provincias de España con un Mapa98Madrid
88%
Clubes de La Liga100Real Madrid
85%
Nombra los Papas96Francisco
84%
Capitales de Asia95Pekín
84%
Alfabeto Griego99Alfa
81%
Tabla Periódica95Hidrógeno
76%
Islas Canarias95Tenerife
72%
Ciudades más Grandes en África98Cairo
70%
Discípulos de Jesús93Judas
66%
Libros de la Biblia94Génesis
59%
Países sin Litoral94Bolivia
54%
Nombra las Constelaciones
"El Carro" o "Cazo" no es una constelación entera
90Ursa Maior
54%
Nombres españoles95María
46%
Signos Zodiacales Chinos92Perro
35%
Países con 5 letras91Chile
34%
Apellidos Hispanos en EE. UU.83Rodríguez
28%

Distribución de puntuación

Porcentaje por número respondido

Porcentaje de gente con cada puntuación

Historial de tus puntuaciones

No has intentado esta prueba.